<?xml version="1.0" encoding="UTF-8"?><?xml-stylesheet type="text/xsl" href="static/style.xsl"?><OAI-PMH xmlns="http://www.openarchives.org/OAI/2.0/" xmlns:xsi="http://www.w3.org/2001/XMLSchema-instance" xsi:schemaLocation="http://www.openarchives.org/OAI/2.0/ http://www.openarchives.org/OAI/2.0/OAI-PMH.xsd"><responseDate>2026-05-01T14:51:35Z</responseDate><request verb="GetRecord" identifier="oai:repisalud.isciii.es:20.500.12105/11805" metadataPrefix="marc">https://repisalud.isciii.es/rest/oai/request</request><GetRecord><record><header><identifier>oai:repisalud.isciii.es:20.500.12105/11805</identifier><datestamp>2025-05-08T08:50:40Z</datestamp><setSpec>com_20.500.12105_2052</setSpec><setSpec>com_20.500.12105_2051</setSpec><setSpec>com_20.500.12105_15322</setSpec><setSpec>col_20.500.12105_19608</setSpec><setSpec>col_20.500.12105_16975</setSpec><setSpec>col_20.500.12105_19627</setSpec></header><metadata><record xmlns="http://www.loc.gov/MARC21/slim" xmlns:dcterms="http://purl.org/dc/terms/" xmlns:doc="http://www.lyncode.com/xoai" xmlns:xsi="http://www.w3.org/2001/XMLSchema-instance" xsi:schemaLocation="http://www.loc.gov/MARC21/slim http://www.loc.gov/standards/marcxml/schema/MARC21slim.xsd">
   <leader>00925njm 22002777a 4500</leader>
   <datafield ind2=" " ind1=" " tag="042">
      <subfield code="a">dc</subfield>
   </datafield>
   <datafield ind2=" " ind1=" " tag="720">
      <subfield code="a">Labrador Cañadas, Mª Vicenta</subfield>
      <subfield code="e">author</subfield>
   </datafield>
   <datafield ind2=" " ind1=" " tag="720">
      <subfield code="a">Pàmpols Ros, Teresa</subfield>
      <subfield code="e">author</subfield>
   </datafield>
   <datafield ind2=" " ind1=" " tag="720">
      <subfield code="a">Dulín Íñiguez, Elena</subfield>
      <subfield code="e">author</subfield>
   </datafield>
   <datafield ind2=" " ind1=" " tag="720">
      <subfield code="a">Pérez Aytés, Antonio</subfield>
      <subfield code="e">author</subfield>
   </datafield>
   <datafield ind2=" " ind1=" " tag="720">
      <subfield code="a">García Sagredo, José Miguel</subfield>
      <subfield code="e">author</subfield>
   </datafield>
   <datafield ind2=" " ind1=" " tag="720">
      <subfield code="a">Díaz de Bustamante, Aránzazu</subfield>
      <subfield code="e">author</subfield>
   </datafield>
   <datafield ind2=" " ind1=" " tag="720">
      <subfield code="a">Martin Arribas, Maria Concepcion</subfield>
      <subfield code="e">author</subfield>
   </datafield>
   <datafield ind2=" " ind1=" " tag="720">
      <subfield code="a">Garcia Lopez, Fernando Jose</subfield>
      <subfield code="e">author</subfield>
   </datafield>
   <datafield ind2=" " ind1=" " tag="720">
      <subfield code="a">Nicolás Jiménez, Pilar</subfield>
      <subfield code="e">author</subfield>
   </datafield>
   <datafield ind2=" " ind1=" " tag="260">
      <subfield code="c">2021-01-26</subfield>
   </datafield>
   <datafield ind2=" " ind1=" " tag="520">
      <subfield code="a">Decision making for the development of newborn screening programs is based on not only medical but also social concerns and involves different stakeholders. Part III of the article focuses on their role in the governance of the programs. First of all, we consider the proactive role that health authorities has played in the evolution to an evidentiary model of policy development currently based on evidence, just as in the preparation of an expert, impartial and transparent opinion on health policy and its coordination with the national health system. And, in accordance with this evidence and with the consensus, health autorities following quality criteria have made an attempt to achieve a more homogeneous approach of the neonatal screening program throughout the territory. Secondly, we address the role of several scientific and professional societies in newborn screening. Among them, it deserves to be mentioned the Spanish Society for Clinical Chemistry, currently Spanish Society of Laboratory Medicine (SEQCML), and its Commission of inborn errors of metabolism and the Spanish Society for Newborn Screening (AECNE), which since 1985 and for thirty three years collected the activity of newborn screening centers and established a forum for debate, sharing of knowledge and cooperation among screening centers and with health authorities. Since 1999, the Spanish Society for Inborn Errors of Metabolism (AECOM) exercises an important activity in the field of diagnosis treatment and follow up of patients. Finally, we consider the role of families and the psychosocial aspects of the programme, and the associative activity of patient organizations. In 1990 the Spanish federation of PKU and other disorders (FAEPKU) was found, renamed currently as The Spanish Federation of Inherited Metabolic Diseases; together with the Spanish Federation for Rare Diseases (FEDER), found in 1999, they both have clearly contributed to the patient's empowerment, supporting research and education and establishing a network of cooperation and support for patients and their families. Patient organizations collaborate with health authorities but they have not participated in policy decision making yet. During this half century, the evolution of newborn screening programs have been characterized for a spirit of improvement, by including the development of ethical, legal and social issues. Important technological challenges lie ahead and it will be necessary to know how to use them efficiently, proportionally and fairly in the best interest of newborns and by extension of their family and society.</subfield>
   </datafield>
   <datafield ind1="8" ind2=" " tag="024">
      <subfield code="a">Rev Esp Salud Publica. 2021 Jan 26;95:e202101016.</subfield>
   </datafield>
   <datafield ind1="8" ind2=" " tag="024">
      <subfield code="a">2173-9110</subfield>
   </datafield>
   <datafield ind1="8" ind2=" " tag="024">
      <subfield code="a">Revista espanola de salud publica</subfield>
   </datafield>
   <datafield ind1="8" ind2=" " tag="024">
      <subfield code="a">33496273</subfield>
   </datafield>
   <datafield ind1="8" ind2=" " tag="024">
      <subfield code="a">http://hdl.handle.net/20.500.12105/11805</subfield>
   </datafield>
   <datafield tag="653" ind2=" " ind1=" ">
      <subfield code="a">Ethical</subfield>
   </datafield>
   <datafield tag="653" ind2=" " ind1=" ">
      <subfield code="a">legal and social issues (ELSIs)</subfield>
   </datafield>
   <datafield tag="653" ind2=" " ind1=" ">
      <subfield code="a">Evidentiary model of policy development</subfield>
   </datafield>
   <datafield tag="653" ind2=" " ind1=" ">
      <subfield code="a">Extemporary model</subfield>
   </datafield>
   <datafield tag="653" ind2=" " ind1=" ">
      <subfield code="a">Governance of newborn screening programs</subfield>
   </datafield>
   <datafield tag="653" ind2=" " ind1=" ">
      <subfield code="a">Models of development of newborn screening policies</subfield>
   </datafield>
   <datafield tag="653" ind2=" " ind1=" ">
      <subfield code="a">Newborn screening</subfield>
   </datafield>
   <datafield tag="653" ind2=" " ind1=" ">
      <subfield code="a">Newborn screening for rare diseases</subfield>
   </datafield>
   <datafield tag="653" ind2=" " ind1=" ">
      <subfield code="a">Patient organizations</subfield>
   </datafield>
   <datafield tag="653" ind2=" " ind1=" ">
      <subfield code="a">Psychosocial aspects</subfield>
   </datafield>
   <datafield tag="653" ind2=" " ind1=" ">
      <subfield code="a">Scientific and professional societies</subfield>
   </datafield>
   <datafield tag="653" ind2=" " ind1=" ">
      <subfield code="a">Spain</subfield>
   </datafield>
   <datafield ind2="0" ind1="0" tag="245">
      <subfield code="a">Medio Siglo de Cribado Neonatal en España: Evolución de los Aspectos Éticos, Legales y Sociales (Aels). Parte I, Aspectos Éticos</subfield>
   </datafield>
</record></metadata></record></GetRecord></OAI-PMH>